[Event "Campeonato de España Individual"]
[Site "Cala Major-Palma de Mallorca"]
[Date "2009.10.01"]
[Round "6.32"]
[White "Sabater Sanchez, Asensio"]
[Black "Ruiz Viñals, Matias"]
[Result "1-0"]
[WhiteElo "2211"]
[BlackElo "2101"]
[PlyCount "77"]
[EventDate "2009.09.26"]

1. Nf3 Nf6 2. c4 g6 3. g3 Bg7 4. Bg2 d5 5. cxd5 Nxd5 6. Nc3 Nxc3 7. bxc3 c5 8.
Rb1 Nc6 9. O-O Qc7 10. Qc2 O-O 11. d3 b6 12. Bf4 Qd7 13. d4 cxd4 14. Nxd4 Bb7
15. Qa4 Bxd4 16. cxd4 Rfd8 17. Rfd1 Rac8 18. d5 Na5 19. Qxd7 Rxd7 20. Bh3 f5
21. e4 Rc2 22. exf5 Rxd5 23. fxg6 Rxd1+ 24. Rxd1 hxg6 25. Be6+ Kg7 26. h4 Re2
27. Be3 Bf3 28. Rc1 Kf6 29. Bg8 e6 30. Kh2 Nc6 31. g4 Bd5 32. g5+ Kf5 33. h5
gxh5 34. Bh7+ Ke5 35. Kg3 Kd6 36. g6 e5 37. g7 Ne7 38. Rd1 Kc6 39. Bg5 1-0

[Event "Campeonato de España Individual"]
[Site "Cala Major-Palma de Mallorca"]
[Date "2009.10.01"]
[Round "6.33"]
[White "Alemany Jara, Alejandro"]
[Black "Jimenez De La Torre, Jose A"]
[Result "0-1"]
[WhiteElo "1766"]
[BlackElo "2175"]
[PlyCount "110"]
[EventDate "2009.09.26"]

1. e4 e5 2. Nf3 Nc6 3. Bb5 a6 4. Ba4 Nf6 5. Qe2 Be7 6. c3 d6 7. d3 O-O 8. O-O
b5 9. Bb3 Bb7 10. Rd1 Na5 11. Bc2 c5 12. Nbd2 Qc7 13. Nf1 Rfe8 14. Ng3 Bf8 15.
Bg5 Nd7 16. h3 h6 17. Bc1 Nf6 18. Nh2 d5 19. Ng4 Nxg4 20. Qxg4 Re6 21. exd5
Bxd5 22. d4 cxd4 23. Bf5 Rd8 24. cxd4 exd4 25. Bf4 Qe7 26. Bxe6 Bxe6 27. Qe2
Qd7 28. Be5 d3 29. Qf3 Nc4 30. Qf4 f6 31. Bc3 b4 32. Bd2 a5 33. b3 Ne5 34. Ne4
Qd5 35. Re1 Ng6 36. Qf3 f5 37. Qh5 fxe4 38. Qxg6 Bf5 39. Qg3 Kh7 40. Rac1 Bd6
41. Qe3 Be7 42. f4 Bf6 43. Kh1 Bd4 44. Qg3 Rd6 45. Qh2 Bf2 46. Rf1 e3 47. Rxf2
exf2 48. Qg3 Rg6 49. Qxf2 Bxh3 50. Rc5 Bxg2+ 51. Kh2 Qd6 52. Rxa5 Bb7 53. Rb5
Rg2+ 54. Qxg2 Bxg2 55. Kxg2 Qc6+ 0-1

[Event "Campeonato de España Individual"]
[Site "Cala Major-Palma de Mallorca"]
[Date "2009.10.01"]
[Round "6.34"]
[White "Garcia Del Rey, Senen"]
[Black "Javaloy Guerrero, Manuel A"]
[Result "1-0"]
[WhiteElo "2319"]
[BlackElo "1878"]
[PlyCount "121"]
[EventDate "2009.09.26"]

1. e4 c5 2. Nc3 Nc6 3. g3 g6 4. Bg2 Bg7 5. d3 d6 6. Be3 Nf6 7. h3 O-O 8. Qd2
Nd4 9. Nd1 d5 10. c3 dxe4 11. cxd4 cxd4 12. Bg5 exd3 13. Qxd3 e5 14. Bxf6 Qxf6
15. Ne2 Bf5 16. Be4 Rad8 17. Bxf5 gxf5 18. O-O e4 19. Qb3 Bh6 20. Qxb7 Kh8 21.
Qxa7 Qe5 22. Nxd4 Rxd4 23. Nc3 e3 24. f4 Qg7 25. Ne2 Rd2 26. Qxe3 Qxb2 27. Qc3+
Qxc3 28. Nxc3 Bg7 29. Rac1 Bd4+ 30. Kh1 Bf2 31. Rfd1 Rfd8 32. Kg2 R8d3 33. Rxd2
Rxd2 34. h4 Bd4+ 35. Kh3 Bxc3 36. Rxc3 Rxa2 37. Rc5 Ra3 38. Rxf5 Kg7 39. Kg4 h6
40. Re5 Ra1 41. Kh5 Rg1 42. g4 Rg2 43. Ra5 Rg1 44. g5 Rh1 45. gxh6+ Kh7 46. Rg5
Kh8 47. Rg7 f6 48. Rg6 Rf1 49. Rxf6 Kh7 50. Rf7+ Kg8 51. Rg7+ Kh8 52. Rg4 Kh7
53. Kg5 Ra1 54. f5 Ra8 55. Re4 Ra5 56. Re7+ Kg8 57. Kg6 Ra8 58. f6 Kh8 59. f7
Ra6+ 60. Kg5 Ra5+ 61. Re5 1-0

[Event "Campeonato de España Individual"]
[Site "Cala Major-Palma de Mallorca"]
[Date "2009.10.01"]
[Round "6.37"]
[White "Munar Rossello, Pedro"]
[Black "Figuerola Campins, Antonio"]
[Result "1-0"]
[WhiteElo "2144"]
[BlackElo "1904"]
[PlyCount "69"]
[EventDate "2009.09.26"]

1. e4 c5 2. Nc3 g6 3. f4 Bg7 4. Nf3 Nc6 5. Bb5 a6 6. Bxc6 bxc6 7. d3 Rb8 8. O-O
d6 9. Qe1 Bg4 10. Qh4 Bxf3 11. Rxf3 Bd4+ 12. Kh1 Qa5 13. Nd1 Bf6 14. Qg3 Nh6
15. Ne3 Qc7 16. c3 Qd7 17. e5 Bg7 18. exd6 exd6 19. f5 Be5 20. Qh4 Nxf5 21.
Nxf5 gxf5 22. d4 cxd4 23. cxd4 Rb4 24. Re3 Kf8 25. Re2 h5 26. Be3 c5 27. a3 Ra4
28. b3 Bxd4 29. Rae1 Rxa3 30. Bxd4 cxd4 31. Qf6 Rg8 32. Re7 Qxe7 33. Qxe7+ Kg7
34. Qg5+ Kf8 35. Qh6+ 1-0

[Event "Campeonato de España Individual"]
[Site "Cala Major-Palma de Mallorca"]
[Date "2009.10.01"]
[Round "6.40"]
[White "Moreno Mateos, Jose Luis"]
[Black "Valls Casas, Jordi"]
[Result "0-1"]
[WhiteElo "1908"]
[BlackElo "2094"]
[PlyCount "90"]
[EventDate "2009.09.26"]

1. e4 c6 2. d4 d5 3. Nd2 dxe4 4. Nxe4 Bf5 5. Nc5 b6 6. Nb3 e6 7. Nf3 Bd6 8. g3
Nd7 9. Bg2 Rc8 10. Nh4 Ne7 11. O-O O-O 12. Bg5 f6 13. Bd2 e5 14. f4 exf4 15.
Nxf5 Nxf5 16. Qg4 g6 17. Bxf4 Bxf4 18. Rxf4 Ng7 19. Re1 f5 20. Qe2 Nf6 21. Rff1
Kh8 22. c4 a5 23. Qd2 Qd6 24. c5 bxc5 25. Nxc5 Rb8 26. Rd1 Rfd8 27. Qxa5 Rxb2
28. Qc3 Rdb8 29. a4 Nd5 30. Bxd5 Qxd5 31. Qf3 Qa2 32. Rf2 Rxf2 33. Qxf2 Rb2 34.
Qf3 Rxh2 35. Rf1 Rh5 36. Rf2 Qa1+ 37. Rf1 Qxd4+ 38. Kg2 Qxc5 39. Re1 Qc2+ 40.
Re2 Qxa4 41. Qd3 h6 42. Re7 Qa2+ 43. Kg1 Qa1+ 44. Kf2 Rh2+ 45. Kf3 Qb2 0-1

[Event "Campeonato de España Individual"]
[Site "Cala Major-Palma de Mallorca"]
[Date "2009.10.01"]
[Round "6.41"]
[White "Machin Arbelo, Pedro Alexis"]
[Black "Zhou, Tai Long"]
[Result "1/2-1/2"]
[WhiteElo "2052"]
[BlackElo "1818"]
[PlyCount "138"]
[EventDate "2009.09.26"]

1. d4 Nf6 2. Nc3 d5 3. Bg5 Nbd7 4. Nf3 e6 5. e4 h6 6. Bxf6 Nxf6 7. e5 Ne4 8.
Qd3 Nxc3 9. Qxc3 a6 10. Bd3 Be7 11. a3 b6 12. b4 Bb7 13. Qb3 Qd7 14. c3 a5 15.
a4 Bc6 16. b5 Bb7 17. Ke2 c5 18. bxc6 Bxc6 19. Qxb6 O-O 20. Bb5 Bxb5+ 21. Qxb5
Qxb5+ 22. axb5 Rfb8 23. Rhb1 a4 24. Ne1 Ra5 25. Nc2 Rb6 26. Kd3 a3 27. Rb3
Rbxb5 28. Rxb5 Rxb5 29. Nxa3 Bxa3 30. Rxa3 g5 31. c4 dxc4+ 32. Kxc4 Rb2 33. Rf3
Kg7 34. h3 Ra2 35. Kd3 Ra3+ 36. Ke4 Ra5 37. Rg3 f5+ 38. exf6+ Kxf6 39. Rc3 Rb5
40. Rc8 Ra5 41. Rf8+ Kg7 42. Rf3 Rb5 43. Rc3 Kf6 44. f4 Kg6 45. Rc6 Kf6 46. Rc3
Ra5 47. fxg5+ hxg5 48. Rf3+ Kg6 49. Re3 Kf6 50. Kf3 Rd5 51. Re4 Kf5 52. h4 gxh4
53. Rxh4 Kf6 54. Rf4+ Kg6 55. Ke3 e5 56. Ke4 Rxd4+ 57. Kxe5 Rd1 58. Rg4+ Kh5
59. Rg8 Rf1 60. Ke4 Kh4 61. Ke3 Rf7 62. Re8 Kg3 63. Rg8+ Kh4 64. Ke4 Rf1 65.
Rd8 Kg3 66. Rg8+ Kh4 67. g3+ Kh5 68. Ke3 Rf7 69. Rd8 Kg4 1/2-1/2

[Event "Campeonato de España Individual"]
[Site "Cala Major-Palma de Mallorca"]
[Date "2009.10.01"]
[Round "6.42"]
[White "Sarto Ramos, Angel"]
[Black "Milian Calatayud, Jose Luis"]
[Result "1-0"]
[WhiteElo "2037"]
[BlackElo "1718"]
[PlyCount "43"]
[EventDate "2009.09.26"]

1. d4 d5 2. Nf3 e6 3. b3 Nf6 4. a3 c6 5. Nbd2 Be7 6. e3 Nbd7 7. Bd3 c5 8. O-O
Bd6 9. Bb2 cxd4 10. exd4 b6 11. Ne5 Qc7 12. f4 O-O 13. Qe2 Bxe5 14. fxe5 Ne8
15. c4 f6 16. cxd5 fxe5 17. dxe6 Ndf6 18. Rac1 Qd8 19. dxe5 Nd7 20. exd7 Rxf1+
21. Rxf1 Bxd7 22. Bc4+ 1-0

[Event "Campeonato de España Individual"]
[Site "Cala Major-Palma de Mallorca"]
[Date "2009.10.01"]
[Round "6.43"]
[White "Castell Cantero, Salvador"]
[Black "Matas Artigues, Josep"]
[Result "1-0"]
[WhiteElo "1977"]
[BlackElo "1716"]
[PlyCount "53"]
[EventDate "2009.09.26"]

1. d4 Nf6 2. c4 c5 3. d5 b5 4. cxb5 a6 5. bxa6 g6 6. Nc3 Bxa6 7. e4 Bxf1 8.
Kxf1 d6 9. g3 Nbd7 10. Nf3 Bg7 11. Kg2 O-O 12. Qc2 Ra6 13. Bd2 Qa8 14. Rhe1 e6
15. Qd3 exd5 16. exd5 Ng4 17. Qe2 Nge5 18. Nxe5 Nxe5 19. a3 c4 20. Qe4 Nd3 21.
Re2 Nxb2 22. Rb1 Na4 23. Nb5 Rc8 24. Nc7 Rxc7 25. Qe8+ Qxe8 26. Rxe8+ Bf8 27.
Bh6 1-0

[Event "Campeonato de España Individual"]
[Site "Cala Major-Palma de Mallorca"]
[Date "2009.10.01"]
[Round "6.47"]
[White "Masso Catala, Joan"]
[Black "Navarrete Terrasa, Sebastian"]
[Result "0-1"]
[WhiteElo "1529"]
[BlackElo "2019"]
[PlyCount "40"]
[EventDate "2009.09.26"]

1. d4 Nf6 2. c4 c5 3. d5 e5 4. dxe6 fxe6 5. g3 d5 6. Nd2 Nc6 7. b3 Be7 8. Bb2
O-O 9. Bg2 d4 10. Ngf3 e5 11. Qc2 Be6 12. Ng5 Nb4 13. Qb1 Bc8 14. Nde4 Nxe4 15.
Nxe4 d3 16. exd3 Nxd3+ 17. Ke2 Nxb2 18. Qxb2 Qd4 19. Qc3 Bg4+ 20. f3 Qxe4+ 0-1

[Event "Campeonato de España Individual"]
[Site "Cala Major-Palma de Mallorca"]
[Date "2009.10.01"]
[Round "6.50"]
[White "Diaz Sanchez, Jose Francisco"]
[Black "Lewandowski, Richard"]
[Result "1-0"]
[WhiteElo "1926"]
[BlackElo "1685"]
[PlyCount "111"]
[EventDate "2009.09.26"]

1. e4 c5 2. Nf3 Nc6 3. d4 cxd4 4. Nxd4 Nf6 5. Nc3 a6 6. a3 e6 7. Be2 Be7 8. O-O
O-O 9. Be3 b5 10. f4 Nxd4 11. Bxd4 d6 12. Bf3 Bb7 13. Qe1 Nd7 14. Qg3 e5 15.
Be3 exf4 16. Bxf4 Ne5 17. Be2 Qc7 18. Kh1 Ng6 19. Bg5 Bxg5 20. Qxg5 Rad8 21.
Qd2 Ne5 22. Nd5 Bxd5 23. exd5 Nc4 24. Qc3 Rc8 25. Bg4 Qb8 26. Bxc8 Rxc8 27. Qf3
Ne5 28. Qf2 Qc7 29. c3 Rf8 30. Rad1 Qc8 31. Rd4 Qd8 32. h3 g5 33. Qf6 Ng6 34.
a4 Qxf6 35. Rxf6 Rd8 36. axb5 axb5 37. Rb4 Kg7 38. Rf5 h6 39. Rxb5 Ne5 40. Rb7
Kg6 41. Rf2 f5 42. Re2 h5 43. Rb6 Kf6 44. b3 g4 45. c4 f4 46. c5 f3 47. gxf3
gxf3 48. Rf2 Kg5 49. c6 Rc8 50. Rb7 Kf4 51. Rg7 Ke3 52. Kg1 Ra8 53. c7 Ra1+ 54.
Rf1 Ra7 55. b4 Ke4 56. Re7 1-0

[Event "Campeonato de España Individual"]
[Site "Cala Major-Palma de Mallorca"]
[Date "2009.10.01"]
[Round "6.52"]
[White "Fernandez Calzada, Juan A"]
[Black "Castell Cantero, Jose Juan"]
[Result "1-0"]
[WhiteElo "1895"]
[BlackElo "1577"]
[PlyCount "41"]
[EventDate "2009.09.26"]

1. e4 c5 2. Nf3 d6 3. d4 cxd4 4. Nxd4 Nf6 5. f3 g6 6. Be3 Bg7 7. c4 Bd7 8. Nc3
Nc6 9. Qd2 Rc8 10. Be2 O-O 11. O-O a6 12. Rac1 Qa5 13. Rfd1 Qh5 14. Nd5 Nxd5
15. cxd5 Ne5 16. b3 Rxc1 17. Rxc1 Rc8 18. Rxc8+ Bxc8 19. f4 Qh4 20. fxe5 Bxe5
21. Nf3 1-0

[Event "Campeonato de España Individual"]
[Site "Cala Major-Palma de Mallorca"]
[Date "2009.10.02"]
[Round "7.4"]
[White "Vehi Bach, Victor Manuel"]
[Black "Del Rio de Angelis, Salvador Gabriel"]
[Result "0-1"]
[WhiteElo "2381"]
[BlackElo "2559"]
[PlyCount "84"]
[EventDate "2009.09.26"]

1. e4 c5 2. Nf3 d6 3. d4 cxd4 4. Nxd4 Nf6 5. Nc3 a6 6. Be3 e6 7. Be2 Qc7 8. a4
b6 9. f4 Bb7 10. Bf3 Nbd7 11. Qe2 Rc8 12. O-O Qb8 13. Bf2 Be7 14. e5 Bxf3 15.
Nxf3 dxe5 16. fxe5 Ng4 17. Bg3 O-O 18. Kh1 Qb7 19. Bf4 Kh8 20. Rad1 Rcd8 21.
Nd4 Nh6 22. Qh5 Ng8 23. Bg3 g6 24. Qe2 Nh6 25. Bf4 Nf5 26. Nf3 h5 27. Ne4 Nc5
28. Nxc5 bxc5 29. b3 Rxd1 30. Rxd1 Rd8 31. Rxd8+ Bxd8 32. Qd2 Be7 33. Qd3 Kg7
34. Kg1 Kf8 35. Kf2 Ke8 36. Nd2 Nd4 37. Be3 Nc6 38. Qe4 Qd7 39. Nf3 Qd5 40. Qd3
Nb4 41. Qc3 Qe4 42. Ne1 Nd5 0-1

[Event "Campeonato de España Individual"]
[Site "Cala Major-Palma de Mallorca"]
[Date "2009.10.02"]
[Round "7.5"]
[White "Cabrera Pino, Alexis"]
[Black "Aloma Vidal, Robert"]
[Result "1-0"]
[WhiteElo "2529"]
[BlackElo "2462"]
[PlyCount "109"]
[EventDate "2009.09.26"]

1. e4 Nf6 2. e5 Nd5 3. c4 Nb6 4. d4 d6 5. exd6 exd6 6. Nf3 Nc6 7. Nc3 Be7 8.
Be2 Bg4 9. b3 Bf6 10. Be3 d5 11. c5 Nc8 12. O-O N8e7 13. h3 Bxf3 14. Bxf3 b6
15. Rc1 bxc5 16. Nxd5 Nxd5 17. Bxd5 Qxd5 18. Rxc5 Qe4 19. Re1 O-O 20. Bc1 Qxd4
21. Rxc6 Qb4 22. Bd2 Qd4 23. Rxc7 Rad8 24. Rc2 Bg5 25. Qe2 Qxd2 26. Rxd2 Bxd2
27. Rd1 Ba5 28. Rxd8 Rxd8 29. a3 g6 30. b4 Bb6 31. a4 Bd4 32. g4 Rd6 33. Kg2 g5
34. b5 Kg7 35. a5 h6 36. Qc4 Kf6 37. Qc7 Re6 38. Qd7 Bc5 39. Qd5 Re5 40. Qc6+
Kg7 41. b6 axb6 42. axb6 Bxb6 43. Qxb6 Re6 44. Qd4+ Kh7 45. Qd3+ Kg7 46. Qf5
Kg8 47. h4 gxh4 48. Kh3 Kg7 49. Kxh4 Rg6 50. Qe5+ Kg8 51. f4 Kh7 52. f5 Rg5 53.
Qf6 Rg7 54. Qe7 Kg8 55. f6 1-0

[Event "Campeonato de España Individual"]
[Site "Cala Major-Palma de Mallorca"]
[Date "2009.10.02"]
[Round "7.7"]
[White "Vassallo Barroche, Mauricio"]
[Black "Alonso Rosell, Alvar"]
[Result "1/2-1/2"]
[WhiteElo "2411"]
[BlackElo "2487"]
[PlyCount "147"]
[EventDate "2009.09.26"]

1. b3 d5 2. Bb2 Bg4 3. Nf3 Nd7 4. e3 c6 5. h3 Bh5 6. d3 e6 7. Nbd2 h6 8. g3
Ngf6 9. Bg2 Be7 10. O-O O-O 11. Qe2 a5 12. a4 Nc5 13. g4 Bg6 14. Ne5 Bh7 15. f4
Nfd7 16. Nxd7 Nxd7 17. e4 dxe4 18. Nxe4 Re8 19. Kh1 f5 20. Nd2 Bf6 21. Bxf6
Qxf6 22. Nc4 fxg4 23. Qxg4 Bf5 24. Qg3 Qe7 25. Be4 Kh8 26. Rae1 Rf8 27. Rg1
Bxe4+ 28. dxe4 Rf7 29. f5 Rg8 30. Nd6 Rff8 31. e5 exf5 32. e6 Nc5 33. Qe5 b6
34. Nxf5 Qxe6 35. Qxe6 Nxe6 36. Nxh6 gxh6 37. Rxe6 Rxg1+ 38. Kxg1 Rc8 39. Rxh6+
Kg7 40. Rd6 Kf7 41. h4 b5 42. Kf2 bxa4 43. bxa4 Rb8 44. Rd4 Ke6 45. h5 Kf5 46.
Rc4 Rb2 47. Rxc6 Rb4 48. Rc5+ Kf6 49. Rxa5 Rc4 50. Ke3 Rxc2 51. Rb5 Kg7 52. Rb6
Ra2 53. Ra6 Kh7 54. Kd4 Rc2 55. Rb6 Rh2 56. Kc5 Rxh5+ 57. Kc6 Ra5 58. Rb4 Kg7
59. Rf4 Rh5 60. Kb7 Re5 61. Rc4 Kf7 62. Kb6 Re1 63. a5 Rb1+ 64. Kc6 Ra1 65. Kb5
Ke7 66. Rd4 Rb1+ 67. Kc6 Rc1+ 68. Kb6 Rb1+ 69. Ka7 Rb5 70. a6 Rb1 71. Ka8 Rb6
72. a7 Rb1 73. Rh4 Kd7 74. Rh8 1/2-1/2

[Event "Campeonato de España Individual"]
[Site "Cala Major-Palma de Mallorca"]
[Date "2009.10.02"]
[Round "7.8"]
[White "Valmana Canto, Jaime"]
[Black "Khamrakulov, Ibragim S"]
[Result "1-0"]
[WhiteElo "2332"]
[BlackElo "2554"]
[PlyCount "54"]
[EventDate "2009.09.26"]

1. e4 c5 2. Nf3 e6 3. Nc3 a6 4. d4 b5 5. d5 Bb7 6. Be2 b4 7. Na4 Qa5 8. c4 exd5
9. cxd5 d6 10. O-O Nd7 11. a3 Ngf6 12. Re1 bxa3 13. Rxa3 Be7 14. Nd2 Qc7 15. f4
O-O 16. Rh3 Rfe8 17. Bd3 g6 18. Nc4 h5 19. Bd2 a5 20. Bc3 Ng4 21. Qxg4 Ne5 22.
Qd1 Nxd3 23. Qxd3 Bc8 24. f5 Bf8 25. Nab6 Rb8 26. Nxc8 Qxc8 27. Qg3 Qc7 1-0

[Event "Campeonato de España Individual"]
[Site "Cala Major-Palma de Mallorca"]
[Date "2009.10.02"]
[Round "7.9"]
[White "Astasio Lopez, David"]
[Black "Almagro Llamas, Pablo"]
[Result "1-0"]
[WhiteElo "2315"]
[BlackElo "2470"]
[PlyCount "71"]
[EventDate "2009.09.26"]

1. d4 d5 2. Nf3 Nf6 3. Nbd2 c6 4. e3 Bf5 5. Nh4 Bg4 6. f3 Bh5 7. g4 Bg6 8. Bg2
e6 9. Nxg6 hxg6 10. g5 Ng8 11. f4 Ne7 12. Nf3 Nf5 13. Qe2 Qb6 14. O-O Qa6 15.
Qf2 c5 16. Re1 Nc6 17. Bf1 Qb6 18. c3 O-O-O 19. Bd2 cxd4 20. cxd4 Kb8 21. b4
Bd6 22. Reb1 Rh5 23. b5 Nce7 24. Qe1 Qc7 25. b6 Qc2 26. bxa7+ Ka8 27. Rb3 Rdh8
28. Rab1 Nh4 29. Nxh4 Rxh4 30. Bd3 Qxa2 31. Rxb7 Nc6 32. Rb8+ Nxb8 33. axb8=Q+
Bxb8 34. Ra1 Qxa1 35. Qxa1+ Ba7 36. Bb5 1-0

[Event "Campeonato de España Individual"]
[Site "Cala Major-Palma de Mallorca"]
[Date "2009.10.02"]
[Round "7.10"]
[White "Garza Marco, Sergio"]
[Black "Fenollar Jorda, Manuel"]
[Result "1-0"]
[WhiteElo "2447"]
[BlackElo "2311"]
[PlyCount "71"]
[EventDate "2009.09.26"]

1. d4 d5 2. c4 c6 3. Nf3 Nf6 4. Nc3 a6 5. e3 b5 6. c5 Bg4 7. Qb3 Nbd7 8. a4
Bxf3 9. gxf3 e5 10. Qa3 Rc8 11. axb5 axb5 12. Bh3 Rc7 13. Ne2 Be7 14. Bd2 Qb8
15. Qa8 O-O 16. Qxb8 Rxb8 17. O-O Re8 18. Ng3 g6 19. Ra6 Nb8 20. Ra8 Kf8 21.
Rfa1 Nfd7 22. e4 dxe4 23. Bh6+ Kg8 24. Nxe4 f5 25. Nd6 Rd8 26. Re1 Bf6 27. Bd2
exd4 28. Ba5 Rcc8 29. Bxd8 Rxd8 30. Nb7 Rc8 31. f4 Kf8 32. b4 Rc7 33. Nd6 d3
34. Re8+ Kg7 35. Re3 d2 36. Rd3 1-0

[Event "Campeonato de España Individual"]
[Site "Cala Major-Palma de Mallorca"]
[Date "2009.10.02"]
[Round "7.11"]
[White "Teran Alvarez, Ismael"]
[Black "Menvielle Laccourreye, Augusto"]
[Result "1-0"]
[WhiteElo "2432"]
[BlackElo "2254"]
[PlyCount "87"]
[EventDate "2009.09.26"]

1. c4 f5 2. g3 d6 3. d4 Nf6 4. Nf3 g6 5. b4 Bg7 6. Bb2 O-O 7. Bg2 Ne4 8. O-O c6
9. Nbd2 Nxd2 10. Qxd2 Nd7 11. d5 Bxb2 12. Qxb2 c5 13. Ng5 Qb6 14. Ne6 Rf6 15.
a3 a5 16. b5 Ne5 17. f4 Ng4 18. Qc3 Bxe6 19. dxe6 Rff8 20. e4 fxe4 21. Bxe4 Nf6
22. Bf3 Rad8 23. Rad1 Ne8 24. Bd5 Nc7 25. h4 Nxd5 26. Rxd5 Rf6 27. Qe3 Rdf8 28.
h5 gxh5 29. Rxh5 Qd8 30. Qe4 Rg6 31. Kg2 Qc8 32. f5 Rg7 33. g4 b6 34. Kg3 Qa8
35. Qxa8 Rxa8 36. Kf4 Rd8 37. Rd1 Kh8 38. g5 Rf8 39. Rdh1 d5 40. cxd5 c4 41.
Ke5 c3 42. f6 Rxg5+ 43. Rxg5 exf6+ 44. Kd6 1-0

[Event "Campeonato de España Individual"]
[Site "Cala Major-Palma de Mallorca"]
[Date "2009.10.02"]
[Round "7.12"]
[White "Del Rey, Diego"]
[Black "Camacho Collados, Marcos"]
[Result "0-1"]
[WhiteElo "2419"]
[BlackElo "2231"]
[PlyCount "96"]
[EventDate "2009.09.26"]

1. d4 Nf6 2. c4 g6 3. Nc3 Bg7 4. e4 d6 5. Nge2 O-O 6. Ng3 c5 7. d5 h5 8. h3
Nbd7 9. Be2 a6 10. a4 Rb8 11. Be3 Qa5 12. Bd2 Re8 13. O-O h4 14. Nh1 Nh7 15. f4
Bd4+ 16. Kh2 Qd8 17. Nf2 Ndf6 18. Bf3 e5 19. dxe6 Bxe6 20. b3 Bd7 21. Rb1 Bc6
22. Qc2 Qd7 23. a5 Qc7 24. Nfd1 Qe7 25. Re1 Qf8 26. Nd5 Nxd5 27. cxd5 Bd7 28.
Ne3 Qh6 29. Nc4 Bf2 30. Rf1 Bg3+ 31. Kh1 Bb5 32. Nxd6 Bxf1 33. Nxe8 Bxf4 34.
Bxf4 Qxf4 35. Rxf1 Rxe8 36. Qxc5 Ng5 37. d6 Nxe4 38. d7 Rd8 39. Qc1 Ng3+ 40.
Kg1 Qd4+ 41. Rf2 Rxd7 42. Kh2 Qd6 43. Kg1 Rc7 44. Qd1 Qxd1+ 45. Bxd1 Rc1 46.
Rd2 Ne4 47. Rd8+ Kg7 48. Kh2 Nf2 0-1

[Event "Campeonato de España Individual"]
[Site "Cala Major-Palma de Mallorca"]
[Date "2009.10.02"]
[Round "7.13"]
[White "Gaya Llodra, Juan"]
[Black "Camacho Collados, Jose"]
[Result "0-1"]
[WhiteElo "2218"]
[BlackElo "2401"]
[PlyCount "132"]
[EventDate "2009.09.26"]

1. d4 Nf6 2. Nf3 d5 3. g3 Bg4 4. Ne5 Bf5 5. Bg2 Nbd7 6. O-O e6 7. c4 c6 8. cxd5
cxd5 9. Nc3 Bb4 10. Qb3 Qb6 11. Nxd7 Nxd7 12. Na4 Qa5 13. a3 Bd6 14. Qxb7 Ke7
15. Qb3 h5 16. Nc3 Rab8 17. Qd1 h4 18. e4 dxe4 19. Qe2 Nf6 20. Bg5 Bg6 21. d5
hxg3 22. hxg3 Qb6 23. Bxe4 Bxg3 24. Bxg6 fxg6 25. Ne4 Bh2+ 26. Kg2 Be5 27. Nxf6
Bxf6 28. Bxf6+ gxf6 29. Rae1 e5 30. b4 Qd4 31. Qe4 Qxe4+ 32. Rxe4 Kd6 33. Rc4
Rhc8 34. Rfc1 Rxc4 35. Rxc4 Kxd5 36. Rc7 a6 37. Ra7 Rb6 38. Kf3 Kc4 39. Rd7 Re6
40. Ke3 e4 41. Rb7 Kb3 42. b5 axb5 43. Rxb5+ Kxa3 44. Kf4 Ka4 45. Rb8 Ka5 46.
Rb1 f5 47. Rb2 Ka6 48. Rb1 Rb6 49. Rc1 Kb7 50. f3 exf3 51. Rf1 Kc6 52. Rxf3 Kd5
53. Rg3 Rb4+ 54. Kg5 Ke5 55. Rg1 Re4 56. Rg2 Re1 57. Kxg6 f4 58. Rg5+ Ke4 59.
Kf6 Kf3 60. Ra5 Kg3 61. Rg5+ Kf2 62. Kf5 f3 63. Kf4 Ra1 64. Rg8 Ra4+ 65. Kf5
Kf1 66. Rg7 f2 0-1

[Event "Campeonato de España Individual"]
[Site "Cala Major-Palma de Mallorca"]
[Date "2009.10.02"]
[Round "7.14"]
[White "Vega Gutierrez, Belinda"]
[Black "Mascaro March, Pedro"]
[Result "0-1"]
[WhiteElo "2218"]
[BlackElo "2369"]
[PlyCount "100"]
[EventDate "2009.09.26"]

1. e4 e6 2. d4 d5 3. e5 c5 4. Qg4 cxd4 5. Bd3 Nc6 6. Nf3 Nge7 7. O-O Qc7 8. Re1
Ng6 9. Qg3 Bb4 10. Nbd2 O-O 11. a3 Be7 12. Nb3 f5 13. Nbxd4 a6 14. c3 Bd7 15.
Bd2 Rac8 16. b3 Nxd4 17. Nxd4 Bc5 18. Nf3 Bb5 19. Bc2 a5 20. a4 Ba6 21. b4 axb4
22. cxb4 Ba7 23. Rec1 Bc4 24. h4 Rfe8 25. h5 Nf8 26. a5 Qf7 27. Qh4 h6 28. Bd1
Nd7 29. Ba4 Red8 30. Rc3 Bb8 31. Bxd7 Qxd7 32. Be3 Be2 33. Rxc8 Rxc8 34. Qg3
Rc4 35. Nh2 Qc7 36. Qg6 Qf7 37. Re1 Bxh5 38. Qxf7+ Kxf7 39. Bc5 Ke8 40. Nf1 Kd7
41. Nd2 Rc3 42. Bf8 Ba7 43. b5 Bd4 44. Bb4 Rc2 45. a6 bxa6 46. bxa6 Ra2 47. Kf1
f4 48. f3 Bg6 49. Rc1 Bd3+ 50. Ke1 Bxa6 0-1

[Event "Campeonato de España Individual"]
[Site "Cala Major-Palma de Mallorca"]
[Date "2009.10.02"]
[Round "7.15"]
[White "Ruiz Marana, Alejandro"]
[Black "Vega Gutierrez, Sabrina"]
[Result "0-1"]
[WhiteElo "2204"]
[BlackElo "2357"]
[PlyCount "82"]
[EventDate "2009.09.26"]

1. d4 d5 2. Nf3 Nf6 3. c4 dxc4 4. g3 e6 5. Bg2 c5 6. Qa4+ Nc6 7. O-O Bd7 8.
Qxc4 b5 9. Qd3 c4 10. Qd1 Rc8 11. b3 Be7 12. a4 Na5 13. axb5 Nxb3 14. Rxa7 Qb6
15. Ra2 Nd5 16. Ba3 Bxa3 17. Rxa3 O-O 18. e4 Nb4 19. Nc3 Bxb5 20. d5 exd5 21.
exd5 Nd3 22. Nd2 Nxd2 23. Qxd2 Bd7 24. Rfa1 Rb8 25. Be4 Qd4 26. Qe3 Qxe3 27.
fxe3 Ne5 28. d6 Rb6 29. Ra6 Rxa6 30. Rxa6 Rb8 31. Bd5 g6 32. Ra7 Rb3 33. Ne4
Kg7 34. Nc5 Rb1+ 35. Kf2 c3 36. Be4 Rb2+ 37. Ke1 Bg4 38. d7 Re2+ 39. Kf1 Rd2
40. Ra3 c2 41. Bxc2 Nf3 0-1

[Event "Campeonato de España Individual"]
[Site "Cala Major-Palma de Mallorca"]
[Date "2009.10.02"]
[Round "7.27"]
[White "Cuenca Jimenez, Francisco Javier"]
[Black "Montoya Irigoyen, Iñigo"]
[Result "1-0"]
[WhiteElo "2189"]
[BlackElo "2070"]
[PlyCount "44"]
[EventDate "2009.09.26"]

1. c4 b6 2. Nc3 e6 3. d4 Bb4 4. Qc2 Bb7 5. Bd2 f5 6. e3 Nf6 7. f3 O-O 8. O-O-O
d5 9. Nh3 c5 10. Nf4 Qe7 11. Kb1 cxd4 12. exd4 Nc6 13. a3 Nxd4 14. Qd3 Bc5 15.
b4 Bxb4 16. Ncxd5 exd5 17. Bxb4 Qd7 18. Qxd4 Rfc8 19. Nxd5 Bxd5 20. cxd5 Qa4
21. Bd3 a5 22. Bc3 Rc5 1-0

[Event "Campeonato de España Individual"]
[Site "Cala Major-Palma de Mallorca"]
[Date "2009.10.02"]
[Round "7.35"]
[White "Diaz Rodriguez, Jose Antonio"]
[Black "Miguelez Garcia, Erlantz"]
[Result "1-0"]
[WhiteElo "2121"]
[BlackElo "1948"]
[PlyCount "49"]
[EventDate "2009.09.26"]

1. e4 c5 2. Nf3 Nc6 3. d4 cxd4 4. Nxd4 Nf6 5. Nc3 d6 6. Be2 e6 7. Bg5 Be7 8.
Qd2 O-O 9. O-O Bd7 10. Rad1 Nxd4 11. Qxd4 Bc6 12. b4 Qc7 13. Rd3 b6 14. Rg3 Kh8
15. Kh1 Rad8 16. f4 Rg8 17. Qe3 h6 18. e5 Nd5 19. Nxd5 Bxd5 20. f5 Bxg5 21.
Rxg5 exf5 22. Bd3 Be4 23. Rh5 Kh7 24. Bxe4 fxe4 25. Rf6 1-0